[Event "Match"]
[Site "www.echecsemail.com"]
[Date "2019.12.03"]
[Round "1"]
[White "Fereike"]
[Black "Said13"]
[WhiteElo "1590"]
[BlackElo "2289"]
[Result "0-1"]
[Round "1"]
1.Ng1f3 Ng8f6
2.g3 g6
3.Bf1g2 Bf8g7
4.O-O O-O
5.c4 c5
6.Nb1c3 Nb8c6
7.d4 cxd4
8.Nf3xd4 Nc6xd4
9.Qd1xd4 d6
10.Rf1d1 a6
11.c5 Nf6d7
12.Qd4e3 Nd7xc5
13.b4 Nc5a4
14.Bc1d2 Na4b2
15.Rd1c1 Nb2c4
16.Qe3f4 Nc4xd2
17.Qf4xd2 Ra8b8
18.Ra1b1 b5
19.a4 Bc8d7
20.a5 Bd7e6
21.Nc3d5 Be6xd5
22.Bg2xd5 e6
23.Bd5c6 Qd8e7
24.e4 Rf8c8
25.Rc1c2 h5
26.Rb1c1 Rc8c7
27.Qd2e3 h4
28.f4 h3
29.e5 dxe5
30.fxe5 Qe7xb4
31.Bc6f3 Bg7h6
32.Qe3xh6 Rc7xc2
33.Rc1xc2 Qb4e1

0-1

[Event "Match"]
[Site "www.echecsemail.com"]
[Date "2019.12.03"]
[Round "1"]
[White "Jalenakravit"]
[Black "Chessutopia"]
[WhiteElo "2489"]
[BlackElo "2329"]
[Result "0-1"]
[Round "1"]
1.e4 e5
2.f4 exf4
3.Ng1f3 Ng8f6
4.b3 Nf6xe4
5.d3 Ne4c3
6.Nb1xc3 Bf8b4
7.Bc1xf4 Bb4xc3
8.Nf3d2 Bc3xa1
9.Qd1xa1 O-O
10.Nd2c4 d5
11.Nc4e5 Qd8f6
12.g3 Nb8c6
13.Ne5xc6 Qf6xa1
{ resign }
0-1

[Event "Tourn. n10253"]
[Site "www.echecsemail.com"]
[Date "2019.12.03"]
[Round "1"]
[White "D4minance"]
[Black "Apdash"]
[WhiteElo "2880"]
[BlackElo "2240"]
[Result "1-0"]
[Round "1"]
1.d4 d5
2.c4 c6
3.Ng1f3 e6
4.e3 Ng8f6
5.b3 Bf8b4
6.Nb1d2 Nf6e4
7.a3 Bb4c3
8.Ra1a2 Bc3a5
9.Qd1c2 Nb8d7
10.b4 Ne4xd2
11.Bc1xd2 Ba5c7
12.b5 cxb5
13.cxd5 exd5
14.Bf1xb5 O-O
15.O-O a6
16.Bb5d3 h6
17.Rf1c1 Bc7d6
18.Qc2b1 b5
19.Rc1c6 Qd8e7
20.Bd2b4 Bd6xb4
21.Qb1xb4 Qe7xb4
22.axb4 Nd7f6
23.Nf3e5 Nf6e4
24.f3 Ne4g5
25.Rc6b6 f6
26.Ne5g6 Rf8f7
27.Bd3xb5 Bc8f5
28.Ng6f4 Rf7a7
29.Bb5c6 Ra8c8
30.Bc6xd5 Kh7
31.e4 Rc8c1
32.Kf2 Bf5c8
33.b5 a5
34.Rb6b8 f5
35.b6 Ra7e7
36.b7 Bc8xb7
37.Bd5g8 { resign }
1-0

[Event "Tourn. n10232"]
[Site "www.echecsemail.com"]
[Date "2019.12.03"]
[Round "1"]
[White "D4minance"]
[Black "Jerome"]
[WhiteElo "2870"]
[BlackElo "2770"]
[Result "1/2-1/2"]
[Round "1"]
1.d4 Ng8f6
2.c4 g6
3.Nb1c3 d5
4.cxd5 Nf6xd5
5.e4 Nd5xc3
6.bxc3 Bf8g7
7.Qd1a4 Nb8d7
8.Ng1f3 O-O
9.Qa4a3 c5
10.h4 cxd4
11.cxd4 Nd7b6
12.Bc1g5 Qd8d6
13.Bg5xe7 Qd6xa3
14.Be7xa3 Rf8d8
15.Ra1b1 Bc8e6
16.d5 Bg7c3
17.Ke2 Be6g4
18.Rb1b3 Ra8c8
19.Ke3 f5
20.Ba3e7 Rd8e8
21.d6 fxe4
22.Kxe4 Bc3f6
23.Kf4 Bf6xe7
24.dxe7 Bg4d7
25.Bf1b5 { draw }
1/2-1/2

[Event "Tourn. n10248"]
[Site "www.echecsemail.com"]
[Date "2019.12.03"]
[Round "1"]
[White "Argento"]
[Black "Ff333"]
[WhiteElo "2240"]
[BlackElo "2030"]
[Result "1-0"]
[Round "1"]
1.e4 e5
2.Ng1f3 Nb8c6
3.Bf1b5 d6
4.d4 Bc8d7
5.Nb1c3 exd4
6.Nf3xd4 Nc6xd4
7.Bb5xd7 Qd8xd7
8.Qd1xd4 c5
9.Qd4d3 O-O-O
10.O-O Ng8f6
11.Bc1g5 Bf8e7
12.Bg5xf6 Be7xf6
13.Nc3d5 Bf6xb2
14.Ra1b1 Bb2e5
15.Rb1b3 Qd7a4
16.Rf1b1 Rd8d7
17.Rb3a3 Qa4d4
18.Ra3xa7 Qd4xd3
19.Ra7a8 { resign }
1-0

[Event "Tourn. n10154"]
[Site "www.echecsemail.com"]
[Date "2019.12.03"]
[Round "1"]
[White "Ejner"]
[Black "Jazzy"]
[WhiteElo "2530"]
[BlackElo "2370"]
[Result "1-0"]
[Round "1"]
1.Ng1f3 d5
2.g3 Bc8f5
3.Bf1g2 Ng8f6
4.c4 e6
5.O-O c6
6.cxd5 cxd5
7.Qd1b3 Nb8c6
8.Qb3xb7 Ra8c8
9.d3 Bf8d6
10.Bc1g5 O-O
11.Rf1c1 Rc8c7
12.Qb7b3 h6
13.Bg5d2 Qd8d7
14.Qb3d1 Rf8b8
15.b3 e5
16.Nb1c3 Bf5g4
17.Bd2e1 Bd6a3
18.Rc1b1 Qd7e6
19.e3 a6
20.b4 e4
21.dxe4 dxe4
22.Nf3d4 Nc6xd4
23.Qd1xd4 Rc7c4
24.Qd4a7 Rb8d8
25.b5 Qe6e5
26.b6 Rc4xc3
27.b7 Ba3d6
28.b8Q Bd6xb8
29.Rb1xb8 Rc3c8
30.Rb8xc8 Bg4xc8
31.Ra1c1 Qe5e6
32.Qa7c7 Rd8e8
33.Qc7b8 Bc8d7
34.Qb8b3 Bd7b5
35.Qb3xe6 Re8xe6
36.Rc1c8 Kh7
37.Be1c3 Bb5d3
38.h3 Kg6
39.Bc3d4 Nf6d5
40.a3 Nd5e7
41.Rc8c7 Ne7d5
42.Rc7c5 Nd5f6
43.Rc5c1 Nf6d7
44.Bg2f1 Bd3xf1
45.Kxf1 Nd7e5
46.Bd4xe5 Re6xe5
47.Rc1c6 Re5e6
48.Rc6xe6 fxe6
49.Ke2 Kf6
50.Kd2 Ke5
51.Kc3 { resign }
1-0

[Event "Match"]
[Site "www.echecsemail.com"]
[Date "2019.12.03"]
[Round "1"]
[White "Riemis"]
[Black "Bojan"]
[WhiteElo "1960"]
[BlackElo "2010"]
[Result "0-1"]
[Round "1"]
1.e4 e5
2.Ng1f3 d6
3.Bf1c4 h6
4.Nb1c3 c6
5.d4 exd4
6.Nf3xd4 Nb8d7
7.O-O Nd7e5
8.Bc4b3 Ng8f6
9.f4 Ne5d7
10.Bc1e3 Nd7b6
11.Qd1d2 Nf6g4
12.h3 Ng4xe3
13.Qd2xe3 Bf8e7
14.Qe3g3 O-O
15.f5 Be7f6
16.Nd4e2 Nb6d7
17.Ne2f4 Nd7e5
18.Nf4h5 Kh8
19.Nh5xf6 Qd8xf6
20.Nc3e2 b6
21.Ne2f4 Bc8a6
22.h4 Ba6xf1
23.Nf4h5 Bf1c4
24.Nh5xf6 gxf6
25.Bb3xc4 Ne5xc4
26.Qg3c3 Nc4e5
27.Ra1d1 Ra8d8
28.Qc3a3 c5
29.Qa3xa7 b5
30.Qa7e7 Kg7
31.Rd1xd6 Rf8e8
32.Qe7xf6 Kg8
 { time }
0-1

[Event "Match"]
[Site "www.echecsemail.com"]
[Date "2019.12.03"]
[Round "1"]
[White "Fereike"]
[Black "Stevep84"]
[WhiteElo "1540"]
[BlackElo "2250"]
[Result "1/2-1/2"]
[Round "1"]
1.e4 e5
2.Ng1f3 Nb8c6
3.Bf1b5 Ng8e7
4.O-O g6
5.d4 Bf8g7
6.d5 Nc6d4
7.Nf3xd4 exd4
8.Bc1f4 O-O
9.Nb1d2 c6
10.Bb5c4 d6
11.h3 b5
12.Bc4b3 a5
13.dxc6 Bc8e6
14.a4 b4
15.Nd2c4 d5
16.exd5 Be6xd5
17.c7 Qd8c8
18.Nc4b6 Qc8b7
19.Nb6xa8 Qb7xa8
20.Bb3xd5 Ne7xd5
21.Bf4g3 Qa8b7
22.Qd1f3 Qb7c6
23.Rf1e1 Qc6d7
24.Ra1d1 Nd5xc7
25.Qf3b7 Rf8c8
26.Bg3xc7 Rc8xc7
27.Qb7a8 Rc7c8
28.Qa8xa5 Rc8xc2
29.Qa5xb4 h6
30.a5 Qd7f5
31.Re1e8 Kh7
32.Rd1f1 Qf5f4
33.Qb4b8 Qf4d2
34.Re8g8 Rc2xb2
35.Rg8xg7 Kxg7
36.Qb8e5 Kh7
37.Qe5c7 Kg7
38.Qc7e5 Kh7
39.a6 Rb2a2
40.Qe5f6 Kg8
41.Qf6d8 Kg7
42.Qd8d6 Qd2d3
43.Qd6e5 Kh7
44.Qe5e7 Kg7
45.Qe7e5 Kh7
46.Qe5c7 Kg7
47.Qc7e5 Kh7
{ draw }
1/2-1/2

[Event "Tourn. n10190"]
[Site "www.echecsemail.com"]
[Date "2019.12.03"]
[Round "1"]
[White "Jerome"]
[Black "Numanoid"]
[WhiteElo "2470"]
[BlackElo "2750"]
[Result "1-0"]
[Round "1"]
1.e4 e6
2.d4 d5
3.Nb1c3 Ng8f6
4.Bc1g5 Bf8b4
5.e5 h6
6.Bg5d2 Bb4xc3
7.bxc3 Nf6e4
8.Qd1g4 Kf8
9.h4 c5
10.Bf1d3 Ne4xd2
11.Kxd2 c4
12.Bd3e2 b5
13.Qg4f4 Nb8c6
14.Be2h5 Qd8e7
15.a3 Bc8d7
16.Ng1e2 a5
17.g4 Ke8
18.g5 g6
19.Bh5f3 h5
20.Rh1b1 Nc6a7
21.Qf4f6 Rh8h7
22.Bf3h1 Ra8b8
23.f4 Na7c6
24.f5 gxf5
25.Ne2f4 Kd8
26.Rb1g1 Kc7
27.Bh1f3 Rb8e8
28.Ra1b1 Qe7xf6
29.gxf6 Re8h8
30.Rg1g7 Nc6d8
31.Rg7xh7 Rh8xh7
32.Rb1g1 Rh7h8
33.Rg1g5 { resign }
1-0

[Event "Tourn. n10229"]
[Site "www.echecsemail.com"]
[Date "2019.12.03"]
[Round "1"]
[White "Vasylpuzanov"]
[Black "Fereike"]
[WhiteElo "1490"]
[BlackElo "1590"]
[Result "1-0"]
[Round "1"]
1.e4 c5
2.d4 cxd4
3.c3 e6
4.cxd4 a6
5.Ng1f3 Ng8f6
6.Bf1d3 d6
7.O-O Bf8e7
8.Nb1c3 O-O
9.e5 dxe5
10.dxe5 Nf6d5
11.Nc3e4 Nb8c6
12.a3 Qd8c7
13.Ne4d6 Be7xd6
14.exd6 Qc7xd6
15.Bd3e4 Nc6e7
16.Bc1d2 Nd5f6
17.Bd2b4 Qd6f4
18.Bb4xe7 Qf4xe4
19.Be7xf8 Kxf8
20.Qd1d8 Nf6e8
21.Ra1c1 { resign }
1-0

[Event "Match"]
[Site "www.echecsemail.com"]
[Date "2019.12.03"]
[Round "1"]
[White "Churrasca"]
[Black "Hundegana"]
[WhiteElo "2070"]
[BlackElo "2050"]
[Result "1-0"]
[Round "1"]
1.e4 c5
2.Ng1f3 b6
3.d4 e6
4.d5 d6
5.Bf1b5 Bc8d7
6.Bb5xd7 Qd8xd7
7.Nb1c3 e5
8.O-O Bf8e7
9.a4 Ng8f6
10.Nf3d2 O-O
11.Nd2c4 Nb8a6
12.f4 Qd7g4
13.fxe5 Qg4xd1
14.Rf1xd1 Nf6e8
15.Bc1f4 Na6b4
16.exd6 Be7d8
17.Rd1d2 f6
18.Ra1f1 Rf8f7
19.Bf4g3 a6
20.Rd2f2 Ra8a7
21.e5 b5
22.axb5 axb5
23.Nc3xb5 Ra7b7
24.e6 Rb7xb5
25.exf7 Kxf7
26.d7 Ne8c7
27.Nc4d6 Kg6
28.Nd6xb5 Nc7xb5
29.c4 Nb5d4
30.Bg3d6 Nb4d3
31.Rf2d2 Nd3e5
32.Bd6xe5 fxe5
33.Rf1f8 Bd8c7
34.d8Q Bc7xd8
35.Rf8xd8 Kf7
36.Rd8d7 Kf6
37.Rd2f2 Kg6
38.Rd7e7 h6
39.Re7xe5 h5
40.d6 Nd4c6
41.Re5xc5 Nc6d8
42.Rf2f8 Nd8b7
43.d7 { resign }
1-0

[Event "Match"]
[Site "www.echecsemail.com"]
[Date "2019.12.03"]
[Round "1"]
[White "Apdash"]
[Black "Hundegana"]
[WhiteElo "2230"]
[BlackElo "1990"]
[Result "1-0"]
[Round "1"]
1.d4 c5
2.Ng1f3 e6
3.e4 cxd4
4.Nf3xd4 Nb8c6
5.Bc1e3 Qd8a5
6.c3 Ng8f6
7.Bf1d3 Bf8c5
8.O-O Qa5b6
9.Nd4xc6 bxc6
10.Be3xc5 Qb6xc5
11.Nb1d2 O-O
12.Kh1 Ra8b8
13.Nd2b3 Qc5b6
14.e5 Nf6d5
15.Qd1h5 g6
16.Qh5h6 Nd5e7
17.f4 Bc8b7
18.Rf1f3 f6
19.Rf3h3 Rf8f7
20.exf6 Ne7f5
21.Bd3xf5 exf5
22.Ra1e1 Qb6f2
23.Rh3e3 c5
24.Re3e8 Rf7f8
25.Qh6xf8 { resign }
1-0

[Event "1/16 Finale"]
[Site "www.chess-mail.com"]
[Date "2019.12.03"]
[Round "1"]
[White "Orhany24"]
[Black "Szustan"]
[WhiteElo "2220"]
[BlackElo "2590"]
[Result "0-1"]
[Round "1"]
1.e4 e5
2.Ng1f3 Nb8c6
3.Bf1c4 Ng8f6
4.O-O Nf6xe4
5.c3 d5
6.Bc4e2 Bf8d6
7.d3 Ne4f6
8.h3 O-O
9.Bc1g5 Bc8e6
10.Nb1d2 h6
11.Bg5h4 g5
12.Bh4g3 Nf6d7
13.Nf3e1 Qd8e7
14.Ne1c2 f5
15.Be2h5 f4
16.Bg3h2 Nd7f6
17.Bh5e2 h5
18.Be2xh5 Qe7g7
19.Bh5f3 g4
20.hxg4 Kf7
21.b4 Rf8h8
22.g3 Qg7h7
{ resign }
0-1

[Event "Tourn. n10229"]
[Site "www.echecsemail.com"]
[Date "2019.12.04"]
[Round "1"]
[White "Fereike"]
[Black "Passaroa25"]
[WhiteElo "1690"]
[BlackElo "1650"]
[Result "1-0"]
[Round "1"]
1.e4 Nb8c6
2.d4 d6
3.Bf1b5 Bc8d7
4.Ng1f3 f6
5.O-O Bd7g4
6.d5 Bg4xf3
7.Qd1xf3 g6
8.dxc6 b6
9.Nb1c3 e5
10.Bb5a6 Bf8g7
11.Ba6b7 Ra8b8
12.Nc3b5 a5
13.Bc1e3 Ng8e7
14.Be3xb6 Ne7xc6
15.Bb7xc6 Ke7
16.Bb6xc7 Qd8c8
17.Bc7xd6 Kd8
18.Bd6xb8 Qc8xb8
19.Qf3d3 Ke7
20.Qd3d7 Kf8
21.Nb5d6 Qb8xd6
22.Qd7e8 
1-0

[Event "Tourn. n10228"]
[Site "www.echecsemail.com"]
[Date "2019.12.04"]
[Round "1"]
[White "Galiany17"]
[Black "Rons"]
[WhiteElo "2510"]
[BlackElo "2610"]
[Result "1/2-1/2"]
[Round "1"]
1.d4 Ng8f6
2.c4 g6
3.Nb1c3 d5
4.cxd5 Nf6xd5
5.e4 Nd5xc3
6.bxc3 Bf8g7
7.Ng1f3 c5
8.Ra1b1 O-O
9.Bf1e2 b6
10.O-O Bc8b7
11.Qd1d3 Bb7a6
12.Qd3e3 cxd4
13.cxd4 Qd8d7
14.Bc1b2 e6
15.Rf1d1 Qd7a4
16.d5 Bg7xb2
17.Rb1xb2 Ba6xe2
18.Qe3xe2 exd5
19.Rd1d4 Qa4a3
20.exd5 Nb8d7
21.Rb2c2 Rf8e8
22.Qe2d2 Ra8c8
23.Rc2c6 Nd7b8
24.Rd4d3 Qa3a4
25.Rd3d4 Qa4a3
26.Rc6c4 b5
27.Rc4c2 Re8d8
28.Nf3g5 Rc8xc2
29.Qd2xc2 Qa3e7
30.Qc2c1 Qe7e5
31.Ng5f3 Qe5d6
32.Nf3d2 Nb8d7
33.Nd2e4 Qd6e5
34.Qc1d2 a5
35.g3 b4
36.Kg2 h6
37.g4 g5
38.h4 gxh4
39.Qd2xh6 Qe5xd4
40.Qh6g5 Kf8
41.Qg5xd8 Kg7
42.Qd8g5 Kf8
43.f3 Qd4b2
44.Kh3 Qb2b1
45.Kxh4 Qb1h1
46.Kg3 Qh1g1
47.Kf4 Qg1c1
48.Kf5 Qc1xg5
49.Kxg5 a4
50.Kf4 Nd7f6
51.Ne4c5 Nf6xd5
52.Ke4 b3
53.Nc5xb3 axb3
54.axb3 Nd5b4
55.g5 Kg7
56.f4 Kg6
57.Ke5 Nb4d3
58.Kd6 Nd3xf4
59.b4 Nf4e6
60.b5 Kxg5
61.b6 Ne6d8
62.Kc7 Nd8e6
63.Kd7 Ne6c5
64.Kc6 Nc5a6
65.b7 { draw }
1/2-1/2

[Event "Tourn. n10227"]
[Site "www.echecsemail.com"]
[Date "2019.12.04"]
[Round "1"]
[White "Osopanda"]
[Black "Passaroa25"]
[WhiteElo "1580"]
[BlackElo "1710"]
[Result "0-1"]
[Round "1"]
1.e4 Nb8c6
2.Ng1f3 e5
3.Bf1b5 Bf8d6
4.d4 Qd8e7
5.O-O Ng8f6
6.Nb1c3 a6
7.Bb5xc6 dxc6
8.dxe5 Bd6xe5
9.Nf3xe5 Qe7xe5
10.Bc1e3 O-O
11.f4 Qe5d6
12.Qd1f3 Bc8g4
13.Qf3g3 Qd6b4
14.e5 Nf6e4
15.Nc3xe4 Qb4xe4
16.Be3c5 Bg4e2
17.Rf1e1 Rf8e8
18.c3 g6
19.f5 Re8xe5
20.Bc5d4 Re5xf5
21.Qg3xc7 Rf5f1
22.Re1xf1 Be2xf1
23.Ra1xf1 Ra8f8
24.Qc7xb7 a5
25.Qb7d7 { time. }
0-1

[Event "Tourn. n10251"]
[Site "www.echecsemail.com"]
[Date "2019.12.04"]
[Round "1"]
[White "Galiany17"]
[Black "Sorim"]
[WhiteElo "2630"]
[BlackElo "2330"]
[Result "1-0"]
[Round "1"]
1.e4 e5
2.Ng1f3 Nb8c6
3.d4 exd4
4.Nf3xd4 d5
5.Nd4xc6 bxc6
6.exd5 cxd5
7.Bf1b5 Bc8d7
8.Qd1xd5 Bd7xb5
9.Qd5xb5 Qd8d7
10.Nb1c3 Bf8b4
11.Qb5xb4 { resign }
1-0

[Event "Tourn. n10211"]
[Site "www.echecsemail.com"]
[Date "2019.12.04"]
[Round "1"]
[White "Passaroa25"]
[Black "Cal"]
[WhiteElo "1730"]
[BlackElo "1850"]
[Result "1-0"]
[Round "1"]
1.Nb1c3 e5
2.e4 a6
3.b3 Ng8f6
4.f3 d6
5.Bc1b2 h6
6.Ng1e2 c6
7.Ne2g3 Bc8e6
8.Bf1e2 Bf8e7
9.Be2d3 b5
10.O-O O-O
11.Ng3f5 Qd8d7
12.Nc3e2 d5
13.Bb2xe5 dxe4
14.Bd3xe4 Be6xf5
15.Be5xf6 Be7xf6
16.d3 Bf5e6
17.Ra1b1 Bf6g5
18.Ne2g3 Qd7d4
19.Kh1 Nb8d7
20.Be4xc6 Ra8d8
21.Bc6e4 Nd7e5
22.Ng3e2 f5
23.Ne2xd4 Bg5e3
24.Nd4xe6 Rd8d6
25.Ne6xf8 Kxf8
26.Be4xf5 g6
27.Bf5e4 g5
28.Qd1e2 h5
29.Qe2xe3 Ne5f7
30.Qe3a7 Kg7
31.Qa7e3 Rd6e6
32.Qe3d4 Nf7e5
33.Qd4a7 Kf6
34.Qa7h7 h4
35.Qh7f5 Ke7
36.Qf5xg5 Kd6
37.Qg5xh4 Kc5
38.Qh4d8 Kb4
39.Rf1c1 Kc5
40.b4 { resign }
1-0

[Event "Tourn. n10221"]
[Site "www.echecsemail.com"]
[Date "2019.12.04"]
[Round "1"]
[White "Rcdamaceanu"]
[Black "Hansen"]
[WhiteElo "1749"]
[BlackElo "1730"]
[Result "1-0"]
[Round "1"]
1.d4 e6
2.e4 h6
3.Bc1e3 Ng8f6
4.Bf1d3 a6
5.c4 Nb8c6
6.Nb1c3 Bf8b4
7.e5 Nf6g8
8.Ng1e2 g5
9.Qd1b3 a5
10.a3 Bb4xc3
11.Ne2xc3 a4
12.Nc3xa4 Nc6a5
13.Qb3a2 d5
14.Na4c3 f5
15.cxd5 exd5
16.Be3d2 b6
17.Ra1c1 Ng8e7
18.h3 c6
19.b4 Na5b7
20.a4 Qd8d7
21.a5 f4
22.f3 Nb7d8
23.Qa2b2 bxa5
24.Nc3e2 c5
25.bxc5 Ne7c6
26.Qb2a3 Ra8b8
27.Rc1d1 Nd8e6
28.Qa3a1 Qd7b7
29.Bd3g6 Kd7
30.Bg6f5 Ke7
31.Bf5d3 h5
32.Bd2xa5 Rb8a8
33.Rd1b1 Qb7d7
34.Ba5d8 Rh8xd8
35.Qa1xa8 Nc6xd4
36.Ne2xd4 Ne6xd4
37.O-O g4
38.Rb1b6 gxh3
39.Rb6d6 Qd7c7
40.Qa8xd5 Nd4f5
41.Bd3xf5 Bc8xf5
42.gxh3 Bf5xh3
43.Rf1c1 Qc7a5
44.Rc1b1 Qa5c3
45.Rb1d1 Qc3c2
46.Rd6e6 Kf7
47.Re6f6 Kg7
48.Rf6f7 Kg6
49.Qd5c6 Kxf7
50.Qc6f6 Kg8
51.Rd1xd8 Kh7
52.Rd8h8 
1-0

[Event "Tourn. n10233"]
[Site "www.echecsemail.com"]
[Date "2019.12.04"]
[Round "1"]
[White "Cal"]
[Black "Passaroa25"]
[WhiteElo "1700"]
[BlackElo "1650"]
[Result "1-0"]
[Round "1"]
1.Ng1f3 Nb8c6
2.d4 d5
3.e3 Bc8d7
4.h3 Ng8f6
5.a3 Nf6e4
6.Bf1d3 Bd7f5
7.O-O e6
8.b4 Bf8e7
9.c4 O-O
10.b5 Nc6a5
11.a4 b6
12.Nf3e5 f6
13.Nb1a3 Ne4c3
14.Qd1f3 Nc3e4
15.cxd5 fxe5
16.Bd3xe4 Na5b3
17.Ra1b1 Nb3a5
18.Be4xf5 Rf8xf5
19.Qf3e4 exd5
20.Qe4xf5 e4
21.Na3c2 g6
22.Qf5e6 Kg7
23.Nc2e1 Na5c4
24.f3 Nc4d6
25.Qe6xd5 Kf8
26.fxe4 Nd6f7
27.Qd5xf7 
1-0

[Event "Match"]
[Site "www.echecsemail.com"]
[Date "2019.12.04"]
[Round "1"]
[White "Estonia"]
[Black "Apdash"]
[WhiteElo "1920"]
[BlackElo "2280"]
[Result "0-1"]
[Round "1"]
1.d4 d5
2.Ng1f3 Bc8g4
3.Nf3e5 Bg4f5
4.c4 e6
5.Nb1c3 c6
6.e3 Nb8d7
7.Ne5xd7 Qd8xd7
8.cxd5 exd5
9.Bf1d3 Ng8f6
10.Bd3xf5 Qd7xf5
11.O-O Bf8d6
12.h3 h5
13.Qd1b3 O-O-O
14.Bc1d2 g5
15.Ra1c1 Bd6c7
16.Nc3e2 Nf6e4
17.Bd2c3 h4
18.f3 Ne4g3
19.Ne2xg3 hxg3
20.Qb3a3 Rh8xh3
21.e4 Qf5h7
{ resign }
0-1

[Event "Tourn. n10215"]
[Site "www.echecsemail.com"]
[Date "2019.12.04"]
[Round "1"]
[White "Andychesston"]
[Black "Kevinking"]
[WhiteElo "1930"]
[BlackElo "2000"]
[Result "1-0"]
[Round "1"]
1.e4 Ng8f6
2.Nb1c3 d5
3.e5 Nf6g8
4.d4 Bc8f5
5.Bf1d3 Bf5g6
6.Bd3xg6 hxg6
7.Bc1f4 e6
8.Ng1f3 Nb8a6
9.a3 Ng8e7
10.Qd1d3 c6
11.O-O Ne7f5
12.Nc3e2 c5
13.dxc5 Na6xc5
14.Qd3b5 Qd8d7
15.Qb5xd7 Kxd7
16.Nf3g5 Ke8
17.Bf4e3 Nc5e4
18.Ng5xe4 dxe4
19.c3 f6
20.Be3f4 a5
21.Ne2d4 Nf5xd4
22.cxd4 Ra8c8
23.Ra1c1 Kd7
24.Rc1xc8 Kxc8
25.f3 exf3
26.Rf1xf3 Bf8e7
27.h3 g5
28.Rf3c3 Kd7
29.Bf4g3 f5
30.Bg3e1 g4
31.hxg4 fxg4
32.Rc3b3 Kc6
33.Be1xa5 b5
34.Rb3c3 Kd5
35.Rc3c7 Be7g5
36.Ba5c3 Bg5e3
37.Kf1 Ke4
38.Rc7xg7 Kf4
39.Rg7f7 Kg3
40.Ke2 Be3f4
41.Bc3e1 { resign }
1-0

[Event "Tourn. n10258"]
[Site "www.echecsemail.com"]
[Date "2019.12.04"]
[Round "1"]
[White "Coolant"]
[Black "D4minance"]
[WhiteElo "2330"]
[BlackElo "2880"]
[Result "0-1"]
[Round "1"]
1.c4 g6
2.Nb1c3 Bf8g7
3.Ng1f3 f5
4.d4 Ng8f6
5.Bc1g5 Nf6e4
6.Bg5f4 c5
7.e3 Nb8c6
8.d5 Ne4xc3
9.bxc3 Bg7xc3
10.Nf3d2 e5
11.dxe6 dxe6
12.Ra1c1 Bc3a5
13.Qd1c2 e5
14.Qc2b2 Ba5xd2
{ resign }
0-1

[Event "Match"]
[Site "www.echecsemail.com"]
[Date "2019.12.04"]
[Round "1"]
[White "Szustan"]
[Black "Apdash"]
[WhiteElo "2610"]
[BlackElo "2210"]
[Result "1-0"]
[Round "1"]
1.e4 c5
2.c3 d6
3.d4 cxd4
4.cxd4 Ng8f6
5.Nb1c3 a6
6.Ng1f3 e6
7.Bf1d3 Nb8c6
8.O-O Bf8e7
9.Rf1e1 e5
10.d5 Nc6a7
11.h3 Bc8d7
12.a4 O-O
13.Bc1e3 Nf6e8
14.Qd1b3 Qd8b8
15.a5 Ne8c7
16.Nf3d2 Na7b5
17.Nd2c4 Qb8e8
18.Nc4b6 Ra8b8
19.Ra1c1 Nb5xc3
20.bxc3 Nc7a8
21.Nb6xd7 Qe8xd7
22.Rc1a1 Rb8c8
23.Re1b1 Rc8c7
24.Ra1a4 Rf8c8
25.c4 g6
26.Ra4b4 f5
27.Rb4xb7 fxe4
28.Bd3e2 h5
29.Rb7xc7 Rc8xc7
30.c5 Kg7
31.c6 Qd7f5
32.Qb3b8 Rc7c8
33.Qb8b7 Na8c7
34.Be2xa6 Nc7xa6
35.Qb7xe7 { resign }
1-0

[Event "1/128 Finale"]
[Site "www.chess-mail.com"]
[Date "2019.12.04"]
[Round "1"]
[White "Claudia"]
[Black "Hennie4820"]
[WhiteElo "2170"]
[BlackElo "2110"]
[Result "1-0"]
[Round "1"]
1.d4 Ng8f6
2.c4 g6
3.Nb1c3 Bf8g7
4.e4 d6
5.h3 O-O
6.Bc1g5 Nb8d7
7.Bf1d3 h6
8.Bg5e3 e5
9.d5 b6
10.Qd1d2 Kh7
11.Ng1e2 Nd7c5
12.Bd3c2 Nf6e8
13.g4 f5
14.gxf5 gxf5
15.exf5 Bc8xf5
16.Bc2xf5 Rf8xf5
17.Qd2c2 Qd8f6
18.Ne2g3 e4
19.Ng3xf5 Qf6xf5
20.O-O-O Nc5d3
21.Kb1 Ne8f6
22.f3 Nd3c5
23.fxe4 Nf6xe4
24.Nc3xe4 Qf5xe4
25.Qc2xe4 Nc5xe4
26.Rh1g1 Ra8e8
27.Be3d4 Bg7xd4
28.Rd1xd4 Ne4f2
29.Rd4f4 Nf2xh3
30.Rf4f7 Kh8
31.Rg1g7 Re8e1
32.Kc2 Nh3g5
33.Rf7xc7 Ng5e4
34.Rg7e7 Re1e2
35.Kd3 { resign }
1-0

[Event "1/32 Finale"]
[Site "www.chess-mail.com"]
[Date "2019.12.04"]
[Round "1"]
[White "Fieldfast"]
[Black "Vega"]
[WhiteElo "2429"]
[BlackElo "2549"]
[Result "0-1"]
[Round "1"]
1.Ng1f3 d5
2.d4 Bc8f5
3.Bc1f4 Nb8c6
4.e3 e6
5.Bf1d3 Bf5xd3
6.Qd1xd3 Bf8d6
7.Bf4xd6 cxd6
8.O-O Ng8e7
9.Nb1d2 O-O
10.c4 dxc4
11.Nd2xc4 f6
12.Ra1c1 Qd8d7
13.a3 d5
14.Nc4d2 Ne7f5
15.h3 Ra8c8
16.Rf1d1 Nc6e7
17.Qd3b3 Rc8xc1
18.Rd1xc1 Rf8c8
19.Rc1c3 b6
20.Qb3c2 Rc8xc3
21.Qc2xc3 Nf5d6
22.Nf3e1 g5
23.f3 h5
24.Ne1d3 h4
25.Qc3c2 Nd6f5
26.Nd2f1 Kf7
 { time }
0-1

[Event "Match"]
[Site "www.echecsemail.com"]
[Date "2019.12.05"]
[Round "1"]
[White "Apdash"]
[Black "Joseph1983"]
[WhiteElo "2230"]
[BlackElo "2210"]
[Result "1/2-1/2"]
[Round "1"]
1.e4 c5
2.Ng1f3 d6
3.Bf1c4 e6
4.d4 cxd4
5.Nf3xd4 a6
6.a4 Ng8f6
7.Nb1c3 Bf8e7
8.Bc1e3 Qd8c7
9.Bc4b3 Bc8d7
10.O-O O-O
11.f4 Nb8c6
12.f5 Nc6xd4
13.Be3xd4 exf5
14.Bd4xf6 Be7xf6
15.Nc3d5 Qc7c5
16.Kh1 Bf6xb2
17.Nd5e7 Kh8
18.Ra1b1 Bb2e5
19.Ne7xf5 Bd7e6
20.Nf5e7 Ra8e8
21.Bb3xe6 Re8xe7
22.Be6d5 b5
23.axb5 axb5
24.Qd1d3 b4
25.Qd3b3 Be5c3
26.Rf1xf7 Re7xf7
27.Bd5xf7 Qc5f2
28.Bf7c4 Rf8f3
29.Qb3a4 h6
30.Bc4d3 Bc3e5
31.Qa4e8 Kh7
32.Qe8h5 Rf3f4
33.Qh5e2 Qf2d4
34.Rb1f1 Rf4xf1
{ draw }
1/2-1/2

[Event "Match"]
[Site "www.echecsemail.com"]
[Date "2019.12.05"]
[Round "1"]
[White "Jerome"]
[Black "Sociopath"]
[WhiteElo "2900"]
[BlackElo "2790"]
[Result "1-0"]
[Round "1"]
1.e4 c5
2.Ng1f3 d6
3.d4 cxd4
4.Nf3xd4 Ng8f6
5.Nb1c3 a6
6.Bc1g5 e6
7.f4 Qd8b6
8.Qd1d2 Qb6xb2
9.Ra1b1 Qb2a3
10.e5 dxe5
11.fxe5 h6
12.Bg5f4 g5
13.Bf4g3 Nf6h5
14.Nc3e4 Qa3xa2
15.Rb1b3 Qa2a1
16.Kf2 Nb8d7
17.Rb3c3 Nh5xg3
18.hxg3 Bf8e7
19.Ne4d6 Kf8
20.Nd4b3 Qa1b2
21.Bf1e2 Be7xd6
22.exd6 Kg7
23.Rh1f1 Rh8f8
24.Kg1 a5
25.Be2h5 f5
26.Rf1e1 e5
27.Nb3c5 Qb2b6
28.Kh2 Nd7xc5
29.Re1xe5 Nc5e4
30.Re5xe4 fxe4
31.Rc3c7 Qb6xc7
32.dxc7 g4
33.Qd2d4 Kh7
34.Qd4xe4 Bc8f5
35.Qe4xb7 Ra8c8
36.c4 a4
37.c5 Kg7
38.Qb7b2 Kh7
39.Qb2b6 a3
40.Qb6a7 Rf8f6
41.Bh5e8 Rf6f8
42.Be8b5 Rf8f7
43.Qa7xa3 Rc8xc7
44.Qa3c3 Bf5g6
45.Qc3e5 Rf7e7
46.Qe5d4 Bg6f5
47.Qd4f6 Re7e1
48.Qf6xf5 { resign }
1-0

[Event "Tourn. n10239"]
[Site "www.echecsemail.com"]
[Date "2019.12.05"]
[Round "1"]
[White "Vasylpuzanov"]
[Black "Estonia"]
[WhiteElo "1650"]
[BlackElo "1890"]
[Result "1-0"]
[Round "1"]
1.e4 e5
2.Ng1f3 Nb8c6
3.Bf1c4 Ng8f6
4.d3 Bf8e7
5.Nb1c3 d6
6.a4 O-O
7.O-O Bc8g4
8.Bc1e3 Nc6d4
9.Be3xd4 exd4
10.Nc3d5 Nf6xd5
11.Bc4xd5 c6
12.Bd5b3 Qd8c7
13.h3 Bg4xf3
14.Qd1xf3 Ra8d8
15.Qf3g3 Qc7d7
16.Ra1e1 Be7f6
17.f4 g6
18.e5 dxe5
19.fxe5 Bf6g7
20.e6 Qd7d6
21.Qg3xd6 Rd8xd6
22.Rf1xf7 Bg7f6
23.Rf7xf6 { resign }
1-0

[Event "Tourn. n10240"]
[Site "www.echecsemail.com"]
[Date "2019.12.05"]
[Round "1"]
[White "Amaya"]
[Black "Argento"]
[WhiteElo "2020"]
[BlackElo "2210"]
[Result "0-1"]
[Round "1"]
1.d4 d5
2.e3 Ng8f6
3.Bf1d3 c5
4.c3 Nb8c6
5.Nb1d2 e5
6.f3 cxd4
7.cxd4 exd4
8.exd4 Nc6xd4
9.Ng1e2 Nd4c6
10.O-O Bf8c5
11.Kh1 O-O
12.a3 a5
13.Ne2f4 Bc5d6
14.Nd2b3 a4
15.Rf1e1 axb3
16.Qd1xb3 Qd8c7
17.Nf4xd5 Nf6xd5
18.Qb3xd5 Nc6b4
19.Qd5h5 Nb4xd3
{ resign }
0-1

[Event "Tourn. n10260"]
[Site "www.echecsemail.com"]
[Date "2019.12.05"]
[Round "1"]
[White "Apdash"]
[Black "Fantomas"]
[WhiteElo "2320"]
[BlackElo "2080"]
[Result "1/2-1/2"]
[Round "1"]
1.e4 e6
2.d4 d5
3.exd5 exd5
4.Ng1f3 Ng8f6
5.Bc1g5 Bf8e7
6.c4 O-O
7.Nb1c3 Bc8e6
8.cxd5 Nf6xd5
9.Nc3xd5 Be6xd5
10.Bg5e3 Nb8c6
11.a3 Be7f6
12.Bf1e2 Qd8d6
13.O-O Ra8d8
14.Qd1a4 a6
15.Ra1d1 Nc6e7
16.Be3g5 Bf6xg5
17.Nf3xg5 h6
18.Ng5f3 Qd6e6
19.Rd1c1 c6
20.Be2c4 Bd5xc4
21.Qa4xc4 Qe6xc4
22.Rc1xc4 Rd8d7
23.Rf1d1 Rf8d8
24.a4 Rd7d5
25.b4 Ne7f5
26.g4 Nf5d6
27.Rc4c5 Nd6e4
28.Rc5xd5 Rd8xd5
29.Rd1d3 Ne4g5
{ draw }
1/2-1/2

[Event "Tourn. n10255"]
[Site "www.echecsemail.com"]
[Date "2019.12.05"]
[Round "1"]
[White "Add"]
[Black "Apdash"]
[WhiteElo "2110"]
[BlackElo "2260"]
[Result "0-1"]
[Round "1"]
1.e4 e5
2.Bf1c4 Ng8f6
3.Nb1c3 Bf8c5
4.Ng1f3 O-O
5.d4 exd4
6.Nf3xd4 Nf6xe4
7.O-O Ne4xc3
8.bxc3 d5
9.Bc4d3 Qd8f6
10.Bc1b2 Bc8e6
11.Ra1b1 Bc5b6
12.Nd4xe6 fxe6
13.c4 d4
14.c5 Bb6xc5
15.Bd3xh7 Kxh7
16.Qd1h5 Kg8
17.Qh5xc5 e5
18.Qc5xc7 Rf8f7
19.Qc7c8 Kh7
20.c3 d3
21.Qc8h3 Kg8
22.Qh3xd3 Nb8c6
23.Qd3e4 Ra8d8
24.f4 Qf6e6
25.c4 Rf7e7
26.fxe5 Rd8d2
27.Bb2a3 Qe6xe5
28.Qe4xe5 Re7xe5
29.Rb1xb7 Re5e2
30.Rf1b1 Re2xg2
31.Kf1 Rg2xh2
32.Kg1 Rd2g2
33.Kf1 Rg2f2
34.Kg1 Nc6d4
35.Rb7b2 Nd4f3
{ resign }
0-1